000 00671pam a2200169 a 4500
999 _c6129
_d6129
020 _a0139401563
050 0 0 _aHF5548.2
_b.D587
100 1 _aDologite, D. G.
245 1 0 _aUsing small business computers /
_cD.G. Dologite.
260 _aEnglewood Cliffs, N.J. :
_bPrentice-Hall,
_cc1984.
300 _axiii, 433 p. :
_bill. ;
_c25 cm.
500 _aIncludes index
505 _aI. Understanding small business computers II. Using professional support applications III. Using accounting applications IV. Using data communications V. Creating custom applications
650 0 _aBusiness
_xData processing.
650 0 _aMicrocomputers
_xProgramming.
942 _cBK